Шифртелеграмма наркома иностранных дел СССР В. М. Молотова посланнику СССР в Египте Н. В. Новикову о переписке с послом Великобр...

RUSMARC
00007059cbm0a2200397#x 450
001894e7d9d-44c5-4bee-a424-d2ab2b1f456e
00520241028160435.0
100##$a20241023j19440326k###0rusy50 ca
1010#$arus
102##$aRU
1220#$ad19440326##
2001#$aШифртелеграмма наркома иностранных дел СССР В. М. Молотова посланнику СССР в Египте Н. В. Новикову о переписке с послом Великобритании в СССР А. Керром по румынскому вопросу и о добавочных советских требованиях к маршалу Й. Антонеску в дополнение к предложениям главнокомандующего союзными войсками в Средиземноморском бассейне генерала М. Вильсона
$j26 марта 1944 г.
251##$cДокумент
300##$aПодлинник
300##$aОбратная нумерация листов
461#0$12001
$aФ. 059
$1251
$cФонд
$1852
$j059
462#0$12001
$aОп. 12. П. 27
$1251
$cОпись
$1852
$j12. П. 27
462#0$12001
$aД. 147
$vЛ. 8-7
$1251
$cДело
$1852
$j147
60101$2nlr_sh
$3RU\NLR\AUTH\661367497
$aСССР
$bМинистерство иностранных дел
$xИстория
$jДокументы и материалы
605##$2prlib_sh
$3LIBNET\UAF\0000088514
$aВторая мировая война в архивных документах (Комплекс оцифрованных архивных документов, кино- и фотоматериалов)
$lколлекция
605##$2acquisition_Prlib
$3DITM\AF\0000002775
$aВласть
$lколлекция
6061#$2nlr_sh
$3RU\NLR\AUTH\6651549
$aВторая мировая война
$z1939 - 1945
$yРумыния
$jДокументы и материалы
607##$2nlr_sh
$3RU\NLR\AUTH\661042768
$aСССР
$xВнешняя политика
$z1941 - 1945
$jДокументы и материалы
607##$2nlr_sh
$3RU\NLR\AUTH\661455749
$aСССР
$xВзаимоотношения
$yВеликобритания
$z1940 - 1945
$jДокументы и материалы
607##$2nlr_sh
$3RU\NLR\AUTH\661455750
$aВеликобритания
$xВзаимоотношения
$yСССР
$z1940 - 1945
$jДокументы и материалы
607##$2prlib_sh
$3LIBNET\UAF\0000114146
$aРумыния
$xВзаимоотношения
$yСССР
$z1939 - 1945
$jДокументы и материалы
607##$2prlib_sh
$3LIBNET\UAF\0000114147
$aСССР
$xВзаимоотношения
$yРумыния
$z1939 - 1945
$jДокументы и материалы
686##$a63.3(2)622-64(4Вел)ю1
$2rubbk
$vLBC/M
686##$a63.3(4Вел)622-64(2)ю1
$2rubbk
$vLBC/M
686##$a63.3(2)62-64(4Рум)ю1
$vLBC/M
$2rubbk
686##$a63.3(4Рум)62-64(2)ю1
$vLBC/M
$2rubbk
801#0$aRU
$bПБ им. Б.Н. Ельцина
$c20241023
801#1$aRU
$bПБ им. Б.Н. Ельцина
$c20241023
$2rusmarc
801#2$aRU
$bПБ им. Б.Н. Ельцина
$c20241028
$2rusmarc
850##$aАрхив внешней политики Российской Федерации
852##$aАВП РФ
$jЛ. 8-7
035##$aLIBNET\0001431962
937##$d194505363
$hФедеральное архивное агентство
8564#$uhttp://readingroom.main.prlib.ru/item.aspx?id_node=n194505363&mode=full
Формат отображения